1654 1118 1379 1799 1339 1186 1301 1648 1499 1129 1495 1104 1405 1332 1846 1035 1242 1305 1279 1899 1054 1787 1444 1106 1849 1467 1501 1968 1648 1089 1125 1994 1278 1991 1402 1174 1974 1814 1395 1361 1155 1588 1400 1564 1854 1541 1778 1347 1833 1612 1226 1692 1748 1619 1426 1387 1808 1238 1530 1255 1455 1362 1331 1288 1047 1399 1687 1474 1597 1577 1072 1604 1940 1088 1644 1853 1141 1331 1926 1637 1519 1247 1127 1640 1815 1748 1181 1768 1194 1591 1200 1937 1660 1814 1886 1559 1486 1610 1527 BCNSPRNW ULIB Ver.6.0+V

เปลี่ยนเป็นภาษาไทย

Change to English
 แสดงรายละเอียดบรรณานุกรม
  กลับหน้าหลัก

Brief Record : Get Marc (ISO 2709) : E-mail record : QR code < ปิดหน้าต่าง
LEADER : 00000nam 2200000uu 4500
001    13399121892
003     ULIB
008    121213s2547||||th 000 0 tha d
020    ^a9744220813
060 04 ^aWF658^bน415น 2547
245 00 ^aแนวทางเวชปฏิบัติการวินิจฉัยโรคมะเร็งปอด /^cสำนักพัฒนาวิชาการแพทย์ กรมการแพทย์ กระทรวงสาธารณสุข
250    ^aพิมพ์ครั้งที่ 1
260    ^a[นนทบุรี] :^bสำนัก,^c2547
300    ^a16 หน้า :^bภาพประกอบ ;^c30 ซม.
650  7 ^aปอด, เนื้องอก^xการวินิจฉัย
710 2  ^aกรมการแพทย์. ^bสำนักพัฒนาวิชาการแพทย์
945    ^p0^l0^i13648
945    ^p0^l0^i13649
945    ^p0^l0^i13650
945    ^p0^l0^i13651
995    ^aกัณชพร
999 ^a ใช้งานได้ทุกระบบ
รายการนี้ยังไม่มีแท็ก
คุณยังไม่ได้ล็อกอิน คุณสามารถมีกิจกรรมร่วมกับเว็บไซต์ได้ แต่ต้องล็อกอินก่อน ::
  ล็อกอิน

รายการสื่อสารสนเทศ

ลำดับที่ ประเภท เลขเรียก/บาร์โค้ด สถานที่ สถานะ
1. วิทยาศาสตร์การแพทย์ และสุขภาพ
วิทยาศาสตร์การแพทย์ และสุขภาพ
WF658 น415น 2547  
  Barcode: 13648
ห้องสมุดวิทยาเขตสวรรค์ประชารักษ์
►หนังสือทั่วไป
บนชั้น
2. วิทยาศาสตร์การแพทย์ และสุขภาพ
วิทยาศาสตร์การแพทย์ และสุขภาพ
WF658 น415น 2547 ฉ.2 
  Barcode: 13649
ห้องสมุดวิทยาเขตสวรรค์ประชารักษ์
►หนังสือทั่วไป
บนชั้น
3. วิทยาศาสตร์การแพทย์ และสุขภาพ
วิทยาศาสตร์การแพทย์ และสุขภาพ
WF658 น415น 2547 ฉ.3 
  Barcode: 13650
ห้องสมุดวิทยาเขตสวรรค์ประชารักษ์
►หนังสือทั่วไป
บนชั้น
4. วิทยาศาสตร์การแพทย์ และสุขภาพ
วิทยาศาสตร์การแพทย์ และสุขภาพ
WF658 น415น 2547 ฉ.4 
  Barcode: 13651
ห้องสมุดวิทยาเขตสวรรค์ประชารักษ์
►หนังสือทั่วไป
บนชั้น

BibComment


ยังไม่เคยถูกคอมเมนท์

คอมเมนท์ทรัพยากรรายการนี้
  คอมเมนท์: แนวทางเวชปฏิบัติ..


 Copyright 2026. Bcnsprnw @Library